000 00815cam a2200229 a 4500
001 11869887
005 20180302082551.0
008 991216s2000 mau bf 000 0 eng
010 _a 99087181
020 _a0240803965 (pbk. : alk. paper)
040 _aDLC
_cDLC
_dDLC
041 _aeng
043 _an-us---
080 _a384.83068 LEE
082 0 0 _a384.83068 LEE
_223
100 1 _a40
101 _aMED
245 1 4 _aThe producer's business handbook /
_cJohn J. Lee, Jr.
906 _a7
_bcbc
_corignew
_d1
_eocip
_f19
_gy-gencatlg
942 _2ddc
_cBK
999 _c44076
_d44076